000 nam a22 7a 4500
999 _c16026
_d16026
008 161107b xxu||||| |||| 00| 0 eng d
020 _a 0805344276
020 _a9780805344271
050 _aGE105 .B74 2004
100 _aBrennan, Scott R.
245 _aEnvironment :
_b the science behind the stories/
_cScott R. Brennan; Jay Withgott
260 _aSan Francisco :
_bPearson/Benjamin Cummings,
_c©2005.
300 _axxxi, 641p. :
_bill. ;
500 _aIncludes bibliography and index.
650 _a Environmental sciences.
700 _aWithgott, Jay
942 _2lcc
_cBOOKS
_hGE105 .B74 2004
_02